Las terapias alternativas : (Record no. 33640)
[ view plain ]
| 000 -CABECERA | |
|---|---|
| campo de control de longitud fija | 00501nam a2200157 a 4500 |
| 001 - NÚMERO DE CONTROL | |
| campo de control | 000034149 |
| 005 - FECHA Y HORA DE LA ÚLTIMA TRANSACCIÓN | |
| campo de control | 20200930070821.0 |
| 008 - DATOS DE LONGITUD FIJA--INFORMACIÓN GENERAL | |
| campo de control de longitud fija | 110926s2007 cl 000 0 spa d |
| 020 ## - NÚMERO INTERNACIONAL ESTÁNDAR DEL LIBRO | |
| Número Internacional Estándar del Libro | 997480082x |
| 040 ## - FUENTE DE LA CATALOGACIÓN | |
| Centro catalogador/agencia de origen | DO-SdBNP |
| Lengua de catalogación | spa |
| Centro/agencia transcriptor | BNPHU |
| 049 ## - FONDOS LOCALES (OCLC) | |
| Fondos de biblioteca | BNPD |
| 245 04 - MENCIÓN DE TÍTULO | |
| Título | Las terapias alternativas : |
| Resto del título | equilibrio y armonía / |
| Mención de responsabilidad, etc. | Alejandro Itzak y equipo editorial. |
| 260 ## - PUBLICACIÓN, DISTRIBUCIÓN, ETC. | |
| Lugar de publicación, distribución, etc. | Colombia : |
| Nombre del editor, distribuidor, etc. | Arquetipo Grupo Editorial |
| -- | Lexus Editores, |
| Fecha de publicación, distribución, etc. | 2007. |
| 300 ## - DESCRIPCIÓN FÍSICA | |
| Extensión | 360 p. ; |
| Dimensiones | 30 cm. |
| 700 1# - PUNTO DE ACCESO ADICIONAL--NOMBRE DE PERSONA | |
| Nombre de persona | Itzak, Alejandro |
| 9 (RLIN) | 59570 |
| Estado de retiro | Estado de pérdida | Restricciones de uso | No para préstamo | Código de colección | Localización permanente | Ubicación/localización actual | Ubicación en estantería | Fecha de adquisición | Número de inventario | Total de préstamos | Signatura topográfica completa | Código de barras | Fecha visto por última vez | Precio válido a partir de | Tipo de ítem Koha |
|---|---|---|---|---|---|---|---|---|---|---|---|---|---|---|---|
| Excluido de préstamo | Monografías: Libros y Folletos | General | General | En catalogación | 26.09.2011 | LF1 | 34149-10 | 25.06.2020 | 25.06.2020 | No se presta | |||||
| Monografías: Libros y Folletos | General | General | Orden iniciada | 26.09.2011 | LF1 | 34150-10 | 25.06.2020 | 25.06.2020 | No se presta |
